Anthony Joshua A-Z - Statistics

General Stats
  • This quiz has been taken 20 times
  • The average score is 13 of 22
Answer Stats
Letter Question Answer % Correct
A Joshua has a tattoo of this continent on his shoulder Africa
100%
F A proposed fight with this fellow Brit could be regarded as the biggest in British Boxing History Tyson Fury
94%
E Country AJ represented at the World Championships England
88%
O He won gold at this event in 2012 Olympic Games
88%
N His heritage Nigerian
81%
T Anthony's second loss came in this football team's stadium Tottenham Hotspur
81%
R AJ's first loss came against this massive underdog Andy Ruiz
75%
H His promoter Eddie Hearn
75%
U Anthony's 2nd loss came against this Ukrainian who had already conquered the cruiserweight division Oleksandr Usyk
75%
K In 2017 AJ fought this Ukrainian icon which produced over 500 million PPV buys Wladimir Klitschko
75%
P AJ's first win that wasn't by knock-out came against this kiwi boxer Joseph Parker
69%
B Which trade did Anthony work in before boxing professionally? Bricklaying
63%
S Where was the above rematch held in which AJ won? Saudi Arabia
63%
Z AJ was criticised publically for his support of dictator Robert Mugabe, which country did he rule? Zimbabwe
63%
M This "big baby" failed a drug test in 2019 which meant they never fought Jarrell Miller
56%
C Won vacant Commonwealth heavyweight title against fighter nicknamed the "Cornish Pasty" Gary Cornish
50%
I His father has both Nigerian and what other ancestry Irish
38%
J Name of his son Joseph
38%
L Joshua's first win came against this Italian journeyman Emanuele Leo
25%
G Which UK grime artist performed for AJ's ringwalk against Dominic Breazeale Giggs
25%
D Joshua fought 7 fights in 2014, who was the first opponent in that year Dorian Darch
13%
W Dillian White
0%
No matching quizzes found
Score Distribution
Percent of People with Each Score
Percentile by Number Answered
Your Score History
You have not taken this quiz